000
00282nam a22001217a 4500
008
170327b xxu||||| |||| 00| 0 eng d
041
_a
eng
080
_2
8TH
_a
615.83
100
_a
8
101
_a
SHM
245
_a
MANAGING CONTRACEPTIVE PILL PATIENTS
_c
DICKEY, R.P
942
_2
udc
_c
BK
999
_c
8729
_d
8729